The free mind : a lateral thinking approch

Bibliographic Details
Main Author: Bono, Edward De
Format: Book
Published: Mumbai : Jaico Pub. House , 2008
Subjects:

MARC

LEADER 00000cam a2200000 7i4500
001 0000045321
005 20151006.0
008 150204
020 |a 9788179927892 
090 0 0 |a 158.1   |b BON 
100 1 |a Bono, Edward De 
245 1 4 |a The free mind :   |b a lateral thinking approch   |c Edward De Bono 
260 |a Mumbai :   |b Jaico Pub. House ,   |c 2008 
650 0 |a Lateral thought 
650 0 |a Thought and thinking 
999 |a 0001201737   |b Book   |c Adult Collection   |e Cawangan Segamat 
999 |a 0001293036   |b Book   |c Adult Collection   |e Perbadanan Perpustakaan Awam Johor 
999 |a 0001349544   |b Book   |c Adult Collection   |e Cawangan Bandar Penawar 
999 |a 0001349545   |b Book   |c Adult Collection   |e Cawangan Pontian 
999 |a 0001349546   |b Book   |c Adult Collection   |e Cawangan Bandar Tenggara 
999 |a 0001349547   |b Book   |c Adult Collection   |e Cawangan Segamat 
999 |a 0001349548   |b Book   |c Adult Collection   |e Cawangan Sri Merlong 
999 |a 0001349549   |b Book   |c Adult Collection   |e Cawangan Taman Sri Lambak 
999 |a 0001349550   |b Book   |c Adult Collection   |e Cawangan Muar 
999 |a 0001349551   |b Book   |c Adult Collection   |e Cawangan Tangkak 
999 |a 0001349552   |b Book   |c Adult Collection   |e Cawangan Bukit Gambir 
999 |a 0001349553   |b Book   |c Adult Collection   |e Cawangan Batu Pahat 
999 |a 0001349554   |b Book   |c Adult Collection   |e Cawangan Mersing 
999 |a 0001349555   |b Book   |c Adult Collection   |e Cawangan Kota Tinggi 
999 |a 0001349556   |b Book   |c Adult Collection   |e Cawangan Tmn. Ungku Tun Aminah 
999 |a 0001351609   |b Book   |c Adult Collection   |e Cawangan Urban Transformation Centre 
999 |a 0001351610   |b Book   |c Adult Collection   |e Perbadanan Perpustakaan Awam Johor